| 000 | 00466nam a22001937a 4500 | ||
|---|---|---|---|
| 999 |
_c290296 _d290296 |
||
| 003 | OSt | ||
| 020 | _a9789353163334 | ||
| 082 |
_a339 _bDWI/MA |
||
| 100 | _aDwivedi, D N | ||
| 245 |
_aMacroeconomics: _btheory and policy |
||
| 250 | _a5 | ||
| 260 |
_aChennai _bMcGraw Hill Education _c2019 |
||
| 300 | _a740p. | ||
| 546 | _aEnglish | ||
| 650 | _aMoney market | ||
| 650 | _aMonetary and fiscal policies | ||
| 650 | _aProduct market analysis | ||
| 942 |
_2ddc _cBK |
||